| Tag |
First Indicator |
Second Indicator |
Subfields |
| LEADER |
00000ngm a2200000Mi 4500 |
| 001 |
in00005591069 |
| 006 |
m o c |
| 007 |
cr |n||||||||a |
| 007 |
vz |za|z| |
| 008 |
240321s1965 dcu062 e o vleng d |
| 005 |
20241201233407.9 |
| 035 |
|
|
|a (OCoLC)on1429692593
|
| 040 |
|
|
|a ALSTP
|b eng
|e rda
|c ALSTP
|d OCLCO
|
| 035 |
|
|
|a (OCoLC)1429692593
|
| 043 |
|
|
|a n-us---
|
| 049 |
|
|
|a TXAM
|
| 245 |
0 |
0 |
|a Face the nation.
|p Sunday, February 28, 1965 /
|c produced by Ellen Wadley, Prentiss Childs ; directed by Robert Vitarelli ; a production of CBS News.
|
| 246 |
1 |
0 |
|a Sunday, February 28, 1965
|
| 264 |
|
1 |
|a District of Columbia :
|b Columbia Broadcasting System (CBS),
|c 1965.
|
| 300 |
|
|
|a 1 online resource (62 minutes)
|
| 306 |
|
|
|a 010122
|
| 336 |
|
|
|a two-dimensional moving image
|b tdi
|2 rdacontent
|
| 337 |
|
|
|a computer
|b c
|2 rdamedia
|
| 337 |
|
|
|a video
|b v
|2 rdamedia
|
| 338 |
|
|
|a online resource
|b cr
|2 rdacarrier
|
| 347 |
|
|
|a video file
|2 rdaft
|
| 511 |
0 |
|
|a Adam Clayton Powell, interviewee ; George Herman, Milton Lewis, Roger Mudd, interviewers.
|
| 518 |
|
|
|a Originally broadcast on Sunday, February 28, 1965.
|
| 588 |
0 |
|
|a Title from title screen (viewed March 21, 2024).
|
| 520 |
|
|
|a Guest: Adam Clayton Powell (Representative, Democrat of New York). Topic: Black Muslims, Assassination of Malcolm X, New York Courts, Radical Legislator. Correspondent: George Herman (CBS). Columnists: Milton Lewis (New York Herald Tribune) and Roger Mudd (CBS).
|
| 546 |
|
|
|a In English.
|
| 600 |
1 |
0 |
|a Powell, Adam Clayton,
|c Jr.,
|d 1908-1972
|v Interviews.
|
| 650 |
|
0 |
|a Legislators
|z United States
|v Interviews.
|
| 650 |
|
0 |
|a Black Muslims
|x Politics and government.
|
| 650 |
|
0 |
|a Civil rights
|z United States.
|
| 651 |
|
0 |
|a United States
|x Politics and government
|y 1963-1969.
|
| 651 |
|
0 |
|a Harlem (New York, N.Y.)
|x Politics and government.
|
| 650 |
|
6 |
|a Parlementaires
|z États-Unis
|v Entretiens.
|
| 650 |
|
6 |
|a Droits de l'homme
|z États-Unis.
|
| 651 |
|
6 |
|a États-Unis
|x Politique et gouvernement
|y 1963-1969.
|
| 655 |
|
7 |
|a interviews.
|2 aat
|
| 655 |
|
7 |
|a Television news programs.
|2 lcgft
|
| 655 |
|
7 |
|a Interviews.
|2 lcgft
|
| 655 |
|
7 |
|a Téléjournaux.
|2 rvmgf
|
| 655 |
|
7 |
|a Interviews.
|2 rvmgf
|
| 700 |
1 |
|
|a Powell, Adam Clayton,
|c Jr.,
|d 1908-1972,
|e interviewee.
|
| 700 |
1 |
|
|a Herman, George,
|d 1920-2005,
|e interviewer.
|
| 700 |
1 |
|
|a Mudd, Roger,
|d 1928-2021,
|e interviewer.
|
| 700 |
1 |
|
|a Lewis, Milton,
|e interviewer.
|
| 700 |
1 |
|
|a Childs, Prentiss,
|e producer.
|
| 700 |
1 |
|
|a Wadley, Ellen,
|e producer.
|
| 700 |
1 |
|
|a Vitarelli, Robert E.,
|e director.
|
| 710 |
2 |
|
|a CBS News,
|e production company,
|e publisher.
|
| 730 |
0 |
2 |
|i In series:
|a Face the nation (Television program)
|
| 856 |
4 |
0 |
|u http://proxy.library.tamu.edu/login?url=https://www.aspresolver.com/aspresolver.asp?MARC;5537728
|z Connect to this streaming video (Alexander Street Press)
|t 0
|
| 955 |
|
|
|a Alexander Street Press subscription streaming video
|
| 994 |
|
|
|a 92
|b TXA
|
| 999 |
f |
f |
|s 226e86b5-ca88-4da5-8c43-4fa96af4258e
|i 8e5c4b68-29f6-4a58-a446-dce1f80e7776
|t 0
|
| 952 |
f |
f |
|a Texas A&M University
|b College Station
|c Electronic Resources
|d Available Online
|t 0
|h Library of Congress classification
|
| 998 |
f |
f |
|t 0
|l Available Online
|